000 01129nam a22003377a 4500
003 CHAP
005 20230607094734.0
008 971013s1986 r 00010 d
010 _a60068
011 _a61040
035 _a65204
040 _cCHAP
082 _a631.544
_bE5
100 0 0 _aEnoch, Herbert Z.
_937010
245 _aCarbon dioxide enrichment of greenhouse crops
260 _aBoca Ratón, Florida :
_bCRC,
_c1986
300 _av.
_b: ilus. ; gráfs.
500 _aLa biblioteca tiene: v.1 Status and CO2 Sources
590 _aBATCH-UPD
_b10
_c20130110
_lUCH01
_h0106
590 _aBATCH-UPD
_b10
_c20130110
_lUCH01
_h1228
590 _aBATCH-UPD
_b10
_c20130410
_lUCH01
_h0800
590 _aBATCH-UPD
_b10
_c20130914
_lUCH01
_h0638
590 _aCONVERSION
_b10
_c20130109
_lUCH01
_h1332
650 1 7 _aDióxido de carbono
_xEfecto en plantas
_2
_912848
650 1 4 _aCultivos en invernadero.
_930376
650 1 4 _aFisiología vegetal.
_941136
700 0 _aKimball, Bruce A.
_963229
901 _aBK
942 _cLIBRO
949 _a631.544 E5
_bBC
_cLIBRO
_d33724000162475
_eLIBRO
_fv.1
_gI.136225
_h71998
_i65204
_si
_t69.97
999 _c60068
_d60068